Music Quiz

Random Music Quiz

Motley Crue songs Quiz Stats

 Plays Quiz not verified by Sporcle

Challenge
Share
Tweet
Embed
Score 0/12 Timer 01:00
0 Plays Today
% Correct
Too Fast for Love
99.5%
Ten Seconds to Love
97.5%
Louder Than Hell
93%
Bad Boy Boogie
90.5%
Take Me to the Top
89%
Sticky Sweet
87.5%
Sumthin' for Nuthin'
86%
God Bless the Children of the Beast
79.5%
Raise Your Hands to Rock
77%
The Animal in Me
74.5%
Chicks = Trouble
70.5%
Treat Me Like the Dog I Am
68.5%

You're not logged in!

Compare scores with friends on all Sporcle quizzes.
OR
Log In

You Might Also Like...

Show Comments

Extras

Created Aug 20, 2015ReportNominate
Tags:Motley Crue

Top Quizzes Today


Score Distribution

Your Account Isn't Verified!

In order to create a playlist on Sporcle, you need to verify the email address you used during registration. Go to your Sporcle Settings to finish the process.

Report this User

Report this user for behavior that violates our Community Guidelines.

Details: